| 000 | 01883nam a22002417a 4500 | ||
|---|---|---|---|
| 005 | 20240313100044.0 | ||
| 008 | 240313s2023 ||||||||o|||| 00| 0 eng d | ||
| 041 | _aeng | ||
| 110 |
_aCentre for Window and Cladding Technology _92776 |
||
| 245 |
_aCWCT/SFE Fire Guidance _bTechnical guidance for interpretation in relation to the external walls and specified attachments of Relevant Buildings in England |
||
| 250 | _aedition 2 | ||
| 260 |
_bCWT/SFE, _cJuly 2023 |
||
| 300 | _a58p. | ||
| 520 | _aIn November 2018 the UK government announced changes to the Building Regulations in order to implement the ban on the use of combustible material in the external walls of certain high-rise buildings in England. Issue 2 of this guidance document has been produced following a general review and in response to changes to building regulations and approved document B guidance published by the Department for Levelling Up, Housing and Communities (DLUHC) in June 2022. This guidance proposes a practical and pragmatic interpretation where conflicting interpretations have already been identified or where the potential for conflicting interpretations may be possible. This guidance is not intended to ‘bypass’ the amendments to building Regulation 7, Requirement B4 or the guidance contained in Approved Document B. Publication of this guidance has been overseen by the Centre for Window and Cladding Technology Technical Committee and the Society of Façade Engineering Fire Committee. | ||
| 650 | _aBUILDING SAFETY | ||
| 650 | _aCLADDING | ||
| 650 | _aFIRE SAFETY | ||
| 690 |
_aCladding _96308 |
||
| 690 |
_aBuilding materials & defects _96223 |
||
| 710 |
_a Society of Façade Engineering _96337 |
||
| 710 |
_aCentre for Window and Cladding Technology _92776 |
||
| 856 |
_uhttps://www.cwct.co.uk/pages/cwct-sfe-fire-guidance _zAvailable on completion of form |
||
| 999 |
_c121832 _d121832 |
||